Lander d'Autriche - Carte. - Statistiques

Statistiques générales
  • Ce quiz a été pris 4 110 fois
  • Le résultat moyen est 5 sur 9
Réponses sur la Carte
Les réponses sont colorées sur une échelle allant du rouge au vert en fonction du pourcentage des utilisateurs qui les ont devinées à leur premier essai. Vous pouvez retrouver ces pourcentages ci-dessous.
 
Statistiques - réponses
Länder % Correct
Vienne
96%
Tyrol
72%
Salzbourg
67%
Basse-Autriche
46%
Haute-Autriche
45%
Styrie
38%
Carinthie
35%
Vorarlberg
32%
Burgenland
29%
Aucun quiz correspondant
Distribution des résultats
% des personnes avec chaque résultat
Percentile par nombre de réponses
Votre historique - résultats
Vous n’avez pas pris ce quiz